Fuori Da Un Evidente Destino

Shranjeno v:
Bibliografske podrobnosti
Glavni avtor: Giorgi Faletti
Format: Knjiga
Jezik:neznan ali neveljaven jezik
Izdano: Mondo Libri
Oznake: Označite
Brez oznak, prvi označite!

MARC

LEADER 00000nam a2200000Ia 4500
001 R-889
003 CODICE-MESSINA
005 20260212102459.0
008 260211s9999 xx 000 0 und d
040 |c importazione_messina 
100 |a Giorgi Faletti 
245 0 |a Fuori Da Un Evidente Destino 
260 |b Mondo Libri 
942 |2 ddc  |c BK 
952 |0 0  |1 0  |2 ddc  |4 0  |6 SCAFFALE_8_000000000000000__ROMANZI  |7 0  |9 31716  |a ME  |b ME  |d 2026-02-11  |l 0  |o SCAFFALE 8 - ROMANZI  |p R-889  |r 2026-02-11 23:52:44  |w 2026-02-11  |x [REVISIONARE]  |y BK 
999 |c 27381  |d 27381